[Event "Astana Zhuldyzdary Open A"]
[Site "Astana KAZ"]
[Date "2023.07.14"]
[Round "5.14"]
[White "Rakhmanov, Aleksandr"]
[Black "Divya, Deshmukh"]
[Result "1-0"]
[WhiteTitle "GM"]
[BlackTitle "WGM"]
[WhiteElo "2620"]
[BlackElo "2400"]
[WhiteFideId "4173708"]
[BlackFideId "35006916"]
[EventDate "2023.07.11"]

1. d4 Nf6 2. Nf3 d5 3. c4 e6 4. Nc3 Be7 5. g3 O-O 6. Bg2 dxc4 7. Ne5 Nc6 8. Bxc6
bxc6 9. Nxc6 Qe8 10. Nxe7+ Qxe7 11. Qa4 c5 12. dxc5 Qxc5 13. Be3 Qh5 14. f3 Nd5
15. Bd2 Nb6 16. Qa3 Bb7 17. O-O Nd5 18. Ne4 Qe5 19. Bc3 Nxc3 20. Qxc3 Qxc3 21.
Nxc3 Rfd8 22. Rfd1 Kf8 23. Kf2 Ke7 24. Ke3 e5 25. h4 h5 26. Rac1 Bc6 27. Rxd8
Kxd8 28. Nd1 Bd5 29. Kd2 Be6 30. Rc3 Ke7 31. Ne3 Rd8+ 32. Kc2 Rc8 33. Ra3 Rc7
34. Ra5 Kd6 35. Kc3 f5 36. f4 exf4 37. gxf4 g6 38. Ra6+ Ke7 39. Nc2 Kf7 40. Nd4
Bd7 41. Nf3 Kg7 42. Ne5 Be8 43. e3 Bf7 44. Rd6 Be8 45. Rd8 Bb5 46. Rd5 Be8 47.
Rd6 Re7 48. Nxc4 a5 49. b3 a4 50. Ne5 Rc7+ 51. Kb2 axb3 52. axb3 Rb7 53. Rd4 Kf6
54. Kc3 Bf7 55. Nxf7 Kxf7 56. b4 Ke6 57. Kb3 Rb8 58. Rd3 Rb7 59. Kc4 Rc7+ 60.
Kb5 Rc1 61. Kb6 Rh1 62. b5 Ke7 63. Kc7 Rc1+ 64. Kb7 Rc4 65. b6 g5 66. hxg5 h4
67. Rd1 Rc3 68. Rh1 Rxe3 69. Rxh4 Kd6 70. Rh6+ Kd5 71. Rf6 Re7+ 72. Ka6 Ke4 73.
b7 Re8 74. g6 Kd5 75. Ka7 1-0

[Event "Astana Zhuldyzdary Open A"]
[Site "Astana KAZ"]
[Date "2023.07.14"]
[Round "5.15"]
[White "Bernadskiy, Vitaliy"]
[Black "Kazakov, Konstantin"]
[Result "1-0"]
[WhiteTitle "GM"]
[BlackTitle "IM"]
[WhiteElo "2545"]
[BlackElo "2389"]
[WhiteFideId "14100371"]
[BlackFideId "13700898"]
[EventDate "2023.07.11"]

1. e4 c5 2. Nf3 e6 3. d4 cxd4 4. Nxd4 Nf6 5. Bd3 Nc6 6. Nxc6 dxc6 7. Nd2 e5 8.
O-O Be6 9. Qe2 Be7 10. Nf3 Qc7 11. Bc4 Bg4 12. h3 Bh5 13. g4 Bg6 14. Nh4 Rd8 15.
a4 a5 16. c3 O-O 17. Nxg6 hxg6 18. f4 exf4 19. Bxf4 Bd6 20. e5 Bc5+ 21. Kh1 Nd5
22. Bh2 Qe7 23. Rf3 Nc7 24. Raf1 Ne6 25. h4 b5 26. Ba2 bxa4 27. g5 Rde8 28. Qg2
a3 29. bxa3 Bxa3 30. Qg4 Bc5 31. Rh3 Nc7 32. h5 Nd5 33. Qh4 Ra8 1-0

[Event "Astana Zhuldyzdary Open A"]
[Site "Astana KAZ"]
[Date "2023.07.14"]
[Round "5.16"]
[White "Suyarov, Mukhammadzokhid"]
[Black "Nogerbek, Kazybek"]
[Result "0-1"]
[WhiteTitle "FM"]
[BlackTitle "IM"]
[WhiteElo "2366"]
[BlackElo "2504"]
[WhiteFideId "14210495"]
[BlackFideId "13710427"]
[EventDate "2023.07.11"]

1. d4 Nf6 2. Nc3 d5 3. Bf4 c5 4. e4 cxd4 5. Qxd4 Nc6 6. Bb5 a6 7. Bxc6+ bxc6 8.
e5 Ng8 9. Na4 e6 10. Ne2 a5 11. a3 Ba6 12. Qc3 Bb5 13. b3 c5 14. Nxc5 Rc8 15.
Be3 Nh6 16. b4 Bxe2 17. Kxe2 Nf5 18. Qb3 Qb6 19. Qa4+ Qc6 20. Qxc6+ Rxc6 21. c4
d4 22. Bf4 Bxc5 23. bxc5 Rxc5 24. Kd3 O-O 25. Rab1 Rfc8 26. Rhc1 f6 27. g4 Nh4
28. exf6 e5 29. Bg3 Nf3 30. Rb6 Re8 31. Ke4 Ng5+ 32. Kd3 gxf6 33. Rxf6 Rb8 34.
Rf5 Nf7 35. f4 Rb3+ 36. Ke2 d3+ 37. Ke3 Nd6 38. fxe5 Nxf5+ 39. gxf5 Rxa3 40. Kd4
Rc8 41. e6 d2 42. Rd1 Rd8+ 43. Ke5 Re3+ 44. Kf4 Rc3 45. f6 Rc1 46. e7 Rd4+ 47.
Ke3 Kf7 48. Rxd2 Rxd2 49. Kxd2 Rxc4 50. Kd3 Rc6 51. Be5 a4 52. Bb2 h5 53. h4 Rb6
54. Kc2 Rb4 0-1

[Event "Astana Zhuldyzdary Open A"]
[Site "Astana KAZ"]
[Date "2023.07.14"]
[Round "5.17"]
[White "Kamalidenova, Meruert"]
[Black "Faizrakhmanov, Ramil"]
[Result "1/2-1/2"]
[WhiteTitle "WIM"]
[BlackTitle "IM"]
[WhiteElo "2336"]
[BlackElo "2457"]
[WhiteFideId "13712802"]
[BlackFideId "24103209"]
[EventDate "2023.07.11"]

1. e4 c6 2. d4 d5 3. e5 Bf5 4. h4 h5 5. c4 e6 6. Nc3 dxc4 7. Bxc4 Nd7 8. Nge2
Be7 9. g3 Nh6 10. O-O Nb6 11. Bb3 Bh3 12. Re1 Bg4 13. Bf4 Nf5 14. Qd3 Bxe2 15.
Nxe2 g5 16. hxg5 Bxg5 17. d5 cxd5 18. Qb5+ Kf8 19. a4 Bxf4 20. Nxf4 h4 21. g4
Rg8 22. Kh2 Qg5 23. Nh3 Qxg4 24. Qc5+ Ke8 25. Rg1 Ng3 26. Qe3 Nd7 27. Rae1 Ke7
28. Bd1 Qb4 29. fxg3 hxg3+ 30. Rxg3 Qxb2+ 31. Re2 Qa1 32. Bb3 Rac8 33. Bxd5 Qxe5
34. Qa3+ Qd6 35. Qxd6+ Kxd6 36. Bxb7 Rb8 37. Rd3+ Ke7 38. Bf3 Rgc8 39. Ng5 Rh8+
40. Nh3 Rb4 41. Rc3 Rxa4 42. Rc7 Kd6 43. Rc6+ Ke7 44. Rc7 Kd6 45. Rc6+ Ke7 46.
Rc7 1/2-1/2

[Event "Astana Zhuldyzdary Open A"]
[Site "Astana KAZ"]
[Date "2023.07.14"]
[Round "5.18"]
[White "Sisabayev, Kuanysh"]
[Black "Abdisalimov, Abdimalik"]
[Result "0-1"]
[WhiteTitle "FM"]
[BlackTitle "IM"]
[WhiteElo "2235"]
[BlackElo "2451"]
[WhiteFideId "13702718"]
[BlackFideId "14206323"]
[EventDate "2023.07.11"]

1. d4 Nf6 2. c4 e6 3. Nf3 c5 4. g3 cxd4 5. Nxd4 Qc7 6. b3 Bb4+ 7. Bd2 Bc5 8. e3
Bxd4 9. exd4 Qc6 10. f3 O-O 11. Be2 d5 12. O-O dxc4 13. bxc4 Rd8 14. Be3 b6 15.
Nd2 Bb7 16. Kg2 Qd7 17. a4 Nc6 18. Nb3 Ne7 19. a5 Nf5 20. Bg1 Rac8 21. axb6 axb6
22. Qd2 Qc7 23. Qb4 Nh5 24. Qe1 h6 25. Qf2 Qe7 26. Rfb1 Qg5 27. Kf1 Nhxg3+ 28.
hxg3 Nxg3+ 29. Ke1 Nxe2 30. Kxe2 Rxc4 31. Nd2 Rc2 32. Rd1 Rdc8 33. Ra3 R8c3 34.
Rxc3 Rxc3 35. Ke1 Rd3 36. Ke2 Qb5 37. Ke1 Qa5 38. Ke2 Qc3 39. Qe1 Qc2 40. Be3
Rc3 41. Ra1 Qd3+ 42. Kf2 b5 43. Rc1 b4 44. Rb1 b3 45. Qe2 Qc2 46. Qb5 Rd3 47.
Rxb3 Rxd2+ 48. Bxd2 Qxd2+ 49. Kg3 Bd5 50. Rd3 Qe1+ 51. Kg2 Qe2+ 52. Kg3 Qf1 53.
Qe8+ Kh7 54. Ra3 Qg1+ 55. Kh3 e5 0-1

[Event "Astana Zhuldyzdary Open A"]
[Site "Astana KAZ"]
[Date "2023.07.14"]
[Round "5.19"]
[White "Agmanov, Zhandos"]
[Black "Ibadov, Dashgyn"]
[Result "1-0"]
[WhiteTitle "IM"]
[BlackTitle "IM"]
[WhiteElo "2430"]
[BlackElo "2372"]
[WhiteFideId "13708309"]
[BlackFideId "24107514"]
[EventDate "2023.07.11"]

1. e4 e6 2. d4 d5 3. Nc3 Nf6 4. e5 Nfd7 5. f4 c5 6. Nf3 Nc6 7. Be3 cxd4 8. Nxd4
Bc5 9. Qd2 O-O 10. O-O-O a6 11. Nb3 Bb4 12. Bd3 b5 13. Kb1 Bb7 14. a3 Be7 15.
Ne2 b4 16. a4 a5 17. Ned4 Nb6 18. Qf2 Nxd4 19. Bxd4 Nc4 20. f5 exf5 21. Qxf5 g6
22. Qf2 Bc8 23. Qg3 Ra6 24. h4 h5 25. Rde1 Kh7 26. Qf2 Bg4 27. Nd2 Nxd2+ 28.
Qxd2 Rc6 29. g3 b3 30. cxb3 Bb4 31. Bc3 Bxc3 32. bxc3 d4 33. c4 Qb6 34. Ka2 Rb8
35. Rb1 Qc5 36. Rhf1 Kg7 37. Be4 Rcb6 38. Bd5 Be6 39. Bxe6 Rxe6 40. Rf4 Rd8 41.
Rbf1 Rd7 42. Qf2 Qa7 43. Rf6 Rxe5 44. Rxg6+ fxg6 45. Qf6+ Kh7 46. Qxe5 Re7 47.
Qd5 Rd7 48. Qe4 Re7 49. Qf3 Qc5 50. Rd1 Rd7 51. Qd3 Qe5 52. Rd2 Kg7 53. Re2 Qf6
54. c5 Rd5 55. Rc2 Qc6 56. Rc4 Kh7 57. Rxd4 Rxc5 58. Rd7+ Kg8 59. Rd8+ Kf7 60.
Qd7+ Qxd7 61. Rxd7+ Ke6 62. Rd3 g5 63. b4 axb4 64. Kb3 gxh4 65. gxh4 Rf5 66. Rd4
Ke5 67. Kc4 Ke6 68. Kxb4 Rf1 69. Kb5 Rb1+ 70. Rb4 Ra1 71. Kb6 Kd7 72. a5 Kc8 73.
Rb5 Rf1 74. Rxh5 Rf6+ 75. Kb5 Kb7 76. Rg5 Rf4 77. h5 Rf1 78. Rg7+ 1-0

[Event "Astana Zhuldyzdary Open A"]
[Site "Astana KAZ"]
[Date "2023.07.14"]
[Round "5.20"]
[White "Sarzhanov, Chingizkhan"]
[Black "Igambergenov, Alibek"]
[Result "0-1"]
[BlackTitle "IM"]
[WhiteElo "1889"]
[BlackElo "2420"]
[WhiteFideId "13724991"]
[BlackFideId "13703404"]
[EventDate "2023.07.11"]

1. d4 Nf6 2. Nf3 c5 3. d5 d6 4. c4 e5 5. Nc3 Be7 6. e4 O-O 7. Be2 Nbd7 8. O-O a6
9. Nh4 Nxd5 10. Qxd5 Nb6 11. Qd3 Bxh4 12. f4 Be6 13. b3 exf4 14. Bxf4 Bf6 15.
Qg3 Qd7 16. Rad1 Bd4+ 17. Kh1 Rad8 18. e5 dxe5 19. Bxe5 Bxe5 20. Qxe5 Qc8 21.
Ne4 Rxd1 22. Rxd1 Nd7 23. Qd6 h6 24. Bf3 b5 25. cxb5 axb5 26. Nc3 Qb8 27. Bc6 b4
28. Na4 Ne5 29. Qxc5 Rc8 30. Rd6 Bd7 0-1

[Event "Astana Zhuldyzdary Open A"]
[Site "Astana KAZ"]
[Date "2023.07.14"]
[Round "5.21"]
[White "Gan-Erdene, Sugar"]
[Black "Bizhigitov, Zhangir"]
[Result "1-0"]
[WhiteTitle "IM"]
[BlackTitle "FM"]
[WhiteElo "2418"]
[BlackElo "2255"]
[WhiteFideId "4902980"]
[BlackFideId "13725599"]
[EventDate "2023.07.11"]

1. d4 d5 2. c4 e6 3. Nf3 Nf6 4. g3 dxc4 5. Bg2 a6 6. O-O Nc6 7. e3 Rb8 8. Qe2 b5
9. b3 cxb3 10. axb3 Be7 11. Bd2 O-O 12. Rc1 Bb7 13. Ne1 Nd5 14. Nc3 Bd6 15. Ne4
Nde7 16. Nd3 a5 17. Nec5 Ba8 18. Bxa5 Nxa5 19. Rxa5 Bxg2 20. Kxg2 Nf5 21. Kg1
Bxc5 22. Rxc5 Nd6 23. Ra7 Nb7 24. Rc1 Qd6 25. Qf3 Qb6 26. Rca1 c6 27. Ne5 Qc7
28. Nxc6 Rbc8 29. Na5 Ra8 30. Nxb7 Rxa7 31. Rxa7 Rb8 32. Qf4 1-0

[Event "Astana Zhuldyzdary Open A"]
[Site "Astana KAZ"]
[Date "2023.07.14"]
[Round "5.22"]
[White "Ansat, Aldiyar"]
[Black "Kuziev, Miraziz"]
[Result "1-0"]
[WhiteTitle "IM"]
[WhiteElo "2400"]
[BlackElo "2049"]
[WhiteFideId "13715658"]
[BlackFideId "14215772"]
[EventDate "2023.07.11"]

1. e4 e5 2. Nf3 Nc6 3. Bb5 a6 4. Ba4 Nf6 5. O-O d6 6. Re1 Bd7 7. c3 g6 8. d4 Bg7
9. h3 O-O 10. Bc2 Nh5 11. a4 Qe8 12. Be3 f5 13. dxe5 f4 14. Bd4 Bxe5 15. Nbd2 a5
16. Bb3+ Kh8 17. Bd5 Nxd4 18. cxd4 Bg7 19. e5 c6 20. exd6 Qb8 21. Ba2 Qxd6 22.
Ne4 Qc7 23. Neg5 h6 24. Nh4 Bf5 25. Ne6 Qe7 26. Nxf8 Qxh4 27. Ne6 Bxe6 28. Rxe6
f3 29. Qxf3 Rf8 30. Qe3 Rxf2 31. Qxf2 Bxd4 32. Re3 1-0

[Event "Astana Zhuldyzdary Open A"]
[Site "Astana KAZ"]
[Date "2023.07.14"]
[Round "5.23"]
[White "Kvan, Andrey"]
[Black "Novik, Maxim"]
[Result "1/2-1/2"]
[BlackTitle "GM"]
[WhiteElo "2228"]
[BlackElo "2436"]
[WhiteFideId "13701738"]
[BlackFideId "4102924"]
[EventDate "2023.07.11"]

1. Nf3 c5 2. g3 Nf6 3. Bg2 d5 4. O-O g6 5. d4 cxd4 6. Nxd4 Bg7 7. Nc3 O-O 8. Nb3
e6 9. e4 dxe4 10. Qe2 Nc6 11. Rd1 Qc7 12. h3 h6 13. Be3 b6 14. Qc4 Bb7 15. Nd4
Rfd8 16. Nxe4 Nd5 17. Nxc6 Bxc6 18. Bd4 e5 19. Bc3 Qb7 20. Be1 Rd7 21. Nc3 Rad8
22. Nxd5 Bxd5 23. Rxd5 Rxd5 24. Kf1 f5 25. Bxd5+ Qxd5 26. Qxd5+ Rxd5 27. c4 Rd7
28. Rc1 e4 29. Ke2 Bxb2 30. Rc2 Ba3 31. Bd2 h5 32. Be3 Kf7 33. Rc3 Be7 34. h4
Ke6 35. a4 Rc7 36. Rc1 Rd7 37. Ra1 Bb4 38. Rb1 Bd6 39. Rb5 Bc7 40. Rb1 Kd6 41.
Rc1 Ke6 42. Rb1 Bd8 43. c5 bxc5 44. Bxc5 g5 45. hxg5 Bxg5 46. a5 Rd5 47. Bxa7
Rxa5 48. Bb8 h4 49. gxh4 Bxh4 50. Rb2 Ra3 51. Rc2 Bg5 52. Rc6+ Kf7 53. Kf1 Ra1+
54. Kg2 f4 55. Rc2 Kg6 56. Kh3 Ra3+ 57. Kg4 Bh6 58. Bxf4 1/2-1/2

[Event "Astana Zhuldyzdary Open A"]
[Site "Astana KAZ"]
[Date "2023.07.14"]
[Round "5.24"]
[White "Khamdamova, Afruza"]
[Black "Stribuk, Artiom"]
[Result "0-1"]
[WhiteTitle "WFM"]
[BlackTitle "FM"]
[WhiteElo "2222"]
[BlackElo "2408"]
[WhiteFideId "14210444"]
[BlackFideId "13515659"]
[EventDate "2023.07.11"]

1. e4 c5 2. Nf3 d6 3. d4 cxd4 4. Nxd4 Nf6 5. Nc3 Nc6 6. Bg5 e6 7. Qd2 a6 8.
O-O-O Bd7 9. f4 Be7 10. Nf3 b5 11. e5 b4 12. exf6 bxc3 13. Qxc3 gxf6 14. Bh4 Rg8
15. Kb1 Rb8 16. h3 a5 17. g4 a4 18. a3 Qa5 19. Qd3 Qb6 20. Qc3 d5 21. Ka1 Na5
22. Rh2 Rc8 23. Qe1 Nc4 24. Bxc4 Rxc4 25. Qd2 h5 26. gxh5 Qc7 27. f5 Qf4 28.
fxe6 fxe6 29. Rg2 Rh8 30. Qf2 Bc5 31. Qf1 Qf5 32. h6 Rxh6 33. Rg8+ Kf7 34. Rd8
Be8 35. Qg2 Rhxh4 36. Nxh4 Rxh4 37. Qg3 Rxh3 38. Qc7+ Be7 39. Ra8 Qg4 40. Rf1
Qc4 41. Qxc4 dxc4 42. Rc8 c3 43. bxc3 Rh5 44. c4 Rc5 45. Rb8 Bc6 46. Rb4 Rf5 47.
Rxf5 Bxb4 48. Rf1 Bxa3 49. Ka2 Bc5 0-1

[Event "Astana Zhuldyzdary Open A"]
[Site "Astana KAZ"]
[Date "2023.07.14"]
[Round "5.25"]
[White "Irgaliyev, Alikhan"]
[Black "Aitbayev, Aslan"]
[Result "1/2-1/2"]
[BlackTitle "IM"]
[WhiteElo "2082"]
[BlackElo "2403"]
[WhiteFideId "13705610"]
[BlackFideId "13704613"]
[EventDate "2023.07.11"]

1. Nf3 d5 2. b3 Bf5 3. Bb2 e6 4. e3 Nf6 5. c4 Be7 6. Nc3 O-O 7. h3 c5 8. cxd5
exd5 9. d4 Nc6 10. Be2 Ne4 11. O-O Bf6 12. Rc1 cxd4 13. Nxe4 dxe4 14. Nxd4 Nxd4
15. Bxd4 Bxd4 16. Qxd4 Qxd4 17. exd4 Rac8 18. Bc4 Rfd8 19. f3 exf3 20. Rxf3 Bg6
21. Rcf1 Rc7 22. Rf4 Rd6 23. Kf2 Kf8 24. Ke3 f6 25. g4 b5 26. Bxb5 Rc3+ 27. Kf2
Rxh3 28. Rc1 Rd8 29. Bf1 Rh2+ 30. Bg2 Bf7 31. Kg3 Rh6 32. Rc7 g5 33. Re4 Bd5 34.
Ree7 Bxg2 35. Rf7+ Kg8 36. Rg7+ Kh8 37. Kxg2 Rxd4 38. Rge7 Rxg4+ 39. Kf3 Rf4+
40. Kg3 Rg6 41. Rxh7+ Kg8 42. Rhd7 Kh8 43. Rxa7 f5 44. Rd8+ Rg8 45. Rxg8+ Kxg8
46. Rb7 Rg4+ 47. Kf3 1/2-1/2

[Event "Astana Zhuldyzdary Open A"]
[Site "Astana KAZ"]
[Date "2023.07.14"]
[Round "5.26"]
[White "Begmuratov, Khumoyun"]
[Black "Loskutova, Viktoriya"]
[Result "0-1"]
[WhiteTitle "FM"]
[BlackTitle "WFM"]
[WhiteElo "2391"]
[BlackElo "2185"]
[WhiteFideId "14210207"]
[BlackFideId "34166278"]
[EventDate "2023.07.11"]

1. e4 c5 2. Nf3 Nc6 3. Nc3 d6 4. Bb5 Bd7 5. O-O Nf6 6. Re1 e6 7. d3 Be7 8. a3
O-O 9. h3 a6 10. Bxc6 Bxc6 11. d4 cxd4 12. Nxd4 Qc7 13. Bg5 Rfe8 14. Qe2 h6 15.
Bd2 b5 16. Nxc6 Qxc6 17. Rad1 Nd7 18. Bf4 Rac8 19. Qg4 Ne5 20. Qg3 Kh8 21. Bxe5
dxe5 22. Rd3 Red8 23. Red1 Rxd3 24. Rxd3 a5 25. Qf3 Kg8 26. Rd1 Bg5 27. h4 Bxh4
28. Ne2 Qb7 29. g3 Be7 30. c3 Rc4 31. b3 Rc8 32. b4 axb4 33. cxb4 Rc4 34. Kg2
Qc6 35. Rd2 Bg5 36. Rd1 Rc2 37. Ng1 f5 38. exf5 e4 39. Qh5 e3+ 40. Kh3 Qh1+ 41.
Kg4 exf5+ 0-1

[Event "Astana Zhuldyzdary Open A"]
[Site "Astana KAZ"]
[Date "2023.07.14"]
[Round "5.27"]
[White "Tyurin, Artem"]
[Black "Rakhimzhan, Alen"]
[Result "0-1"]
[WhiteTitle "FM"]
[BlackTitle "FM"]
[WhiteElo "2342"]
[BlackElo "2154"]
[WhiteFideId "44130112"]
[BlackFideId "13707213"]
[EventDate "2023.07.11"]

1. c4 e6 2. Nc3 d5 3. d4 a6 4. cxd5 exd5 5. Qb3 c5 6. Nxd5 Nc6 7. Nf3 cxd4 8. e4
Bd6 9. Bg5 Nge7 10. Bd3 O-O 11. O-O Be6 12. Nxe7+ Bxe7 13. Qxb7 Bxg5 14. Qxc6
Bf4 15. h3 Qa5 16. Qc2 Rfd8 17. Qe2 g6 18. e5 Qb6 19. Qe4 Bh6 20. Qh4 Kg7 21.
Qf6+ Kg8 22. Qh4 Kg7 23. Be4 Bd5 24. Rad1 Bxe4 25. Qxe4 d3 26. b3 d2 27. g4 f5
28. exf6+ Qxf6 29. Nxd2 Ra7 30. Nc4 Re7 31. Qg2 Rf8 32. Rd6 Qf4 33. Qd5 Re2 34.
Qd4+ Qxd4 35. Rxd4 Rxa2 36. f4 Kg8 37. g5 Bg7 38. Re4 Rb8 39. Rb1 a5 40. Ree1
Bd4+ 41. Kh1 Bf2 42. Ra1 Rc2 43. Rec1 Re2 44. Rxa5 Rxb3 45. Ne5 Bb6 46. Rc8+ Kg7
47. Ra7+ Bxa7 48. Rc7+ Kf8 0-1

[Event "Astana Zhuldyzdary Open A"]
[Site "Astana KAZ"]
[Date "2023.07.14"]
[Round "5.28"]
[White "Sapenov, Daniyal"]
[Black "Bulatov, Ramil"]
[Result "1/2-1/2"]
[WhiteTitle "FM"]
[WhiteElo "2329"]
[BlackElo "2132"]
[WhiteFideId "13728911"]
[BlackFideId "4166140"]
[EventDate "2023.07.11"]

1. e4 e6 2. d4 d5 3. e5 c5 4. c3 Nc6 5. Nf3 Bd7 6. a3 f6 7. exf6 Nxf6 8. Bd3 c4
9. Bc2 Bd6 10. O-O O-O 11. Re1 Qc7 12. Nbd2 Rae8 13. h3 b5 14. Nf1 a5 15. Bg5
Bc8 16. Bh4 b4 17. axb4 axb4 18. Bg3 b3 19. Bb1 Bb7 20. Bxd6 Qxd6 21. Ne3 Qf4
22. Qe2 g6 23. Qd2 Nh5 24. Ng4 Qxd2 25. Nxd2 Nf4 26. h4 Nh5 27. Nf3 Nf6 28. Nge5
Ra8 29. Rxa8 Rxa8 30. Nxc6 Bxc6 31. Ne5 Be8 32. f3 Kg7 33. Kf2 Ra1 34. Ke3 Ng8
35. g4 Ne7 36. Kd2 h5 37. Rd1 Nc6 38. Nxc6 Bxc6 39. Re1 Kf6 40. Ke3 Be8 41. g5+
Ke7 42. Kf2 Bf7 43. f4 Kd6 44. Ke2 Ke7 45. Kf3 Kd6 46. Kf2 Be8 47. Ke3 Bf7 48.
Kd2 Be8 1/2-1/2

[Event "Astana Zhuldyzdary Open A"]
[Site "Astana KAZ"]
[Date "2023.07.14"]
[Round "5.29"]
[White "Amirkul, Alimzhan"]
[Black "Zverev, Lev"]
[Result "0-1"]
[BlackTitle "FM"]
[WhiteElo "1975"]
[BlackElo "2319"]
[WhiteFideId "13718428"]
[BlackFideId "24250775"]
[EventDate "2023.07.11"]

1. e4 c5 2. Nf3 d6 3. d4 cxd4 4. Nxd4 Nf6 5. Nc3 a6 6. Be3 e5 7. Nb3 Be6 8. f3
h5 9. Qd2 Nbd7 10. Nd5 Bxd5 11. exd5 g6 12. Be2 Bg7 13. O-O O-O 14. a4 e4 15.
fxe4 Re8 16. Bf3 Qc7 17. Qf2 Ne5 18. Bb6 Qd7 19. Bd4 Re7 20. a5 Rae8 21. Rae1
Qc8 22. Qd2 h4 23. Nc1 h3 24. Nd3 Nfd7 25. Nxe5 Nxe5 26. Bxe5 Bxe5 27. c3 Qc5+
28. Kh1 hxg2+ 29. Qxg2 Qxa5 30. Re2 Qc7 31. Ref2 Bg7 32. h4 Qc4 33. h5 Rxe4 34.
Bxe4 Rxe4 35. Rf3 Rg4 36. Qf2 Qxd5 37. Qh2 Rg5 38. Qf4 Rf5 39. Qe3 Rxh5+ 40. Kg1
Re5 41. Qd3 Rg5+ 42. Kf2 Qb3 43. Qd2 Bh6 44. Qxd6 Qc2+ 0-1

[Event "Astana Zhuldyzdary Open A"]
[Site "Astana KAZ"]
[Date "2023.07.14"]
[Round "5.30"]
[White "Ashraf, Artin"]
[Black "Lupolov, Boris"]
[Result "1-0"]
[WhiteTitle "FM"]
[WhiteElo "2309"]
[BlackElo "2121"]
[WhiteFideId "22514805"]
[BlackFideId "44130457"]
[EventDate "2023.07.11"]

1. d4 Nf6 2. Nf3 e6 3. g3 d5 4. c4 c6 5. Nbd2 Be7 6. Bg2 O-O 7. O-O b6 8. Qc2
Bb7 9. e4 Na6 10. a3 c5 11. cxd5 exd5 12. e5 Nd7 13. Re1 Re8 14. Nf1 Nf8 15. Ne3
Ne6 16. Nf5 Bf8 17. h4 cxd4 18. N5xd4 Nxd4 19. Nxd4 Nc5 20. Bg5 Qd7 21. Rad1 Ne6
22. Be3 Rac8 23. Qb1 Bc5 24. Nf5 Bf8 25. Rd2 g6 26. Nd4 Nxd4 27. Bxd4 Bc5 28.
Qd1 Bxd4 29. Rxd4 Qb5 30. Rb4 Qc5 31. h5 Rc7 32. hxg6 hxg6 33. Rh4 Qc2 34. Qf3
Qf5 35. Qe3 g5 36. Rh6 Rc6 37. Rh5 Rg6 38. Qd4 Ree6 39. Bh3 Qf3 40. Bg4 Qb3 41.
Bxe6 fxe6 42. Qd2 g4 43. Rg5 Rg7 44. Rc1 1-0

[Event "Astana Zhuldyzdary Open A"]
[Site "Astana KAZ"]
[Date "2023.07.14"]
[Round "5.31"]
[White "Shonazarov, Orash"]
[Black "Kassimov, Baurzhan"]
[Result "0-1"]
[BlackTitle "IM"]
[WhiteElo "2018"]
[BlackElo "2304"]
[WhiteFideId "13737910"]
[BlackFideId "13704800"]
[EventDate "2023.07.11"]

1. e4 e5 2. Nf3 Nc6 3. Bb5 a6 4. Ba4 Nge7 5. O-O Ng6 6. Nc3 Be7 7. Nd5 b5 8. Bb3
Na5 9. d3 Nxb3 10. axb3 O-O 11. Bd2 Bb7 12. c4 Bxd5 13. cxd5 c6 14. Re1 cxd5 15.
exd5 Bc5 16. Bc3 d6 17. b4 Bb6 18. d4 f6 19. g3 Qd7 20. Qd3 Qf7 21. dxe5 fxe5
22. Kg2 Qd7 23. Re4 Rf5 24. Be1 Raf8 25. Nh4 Rxf2+ 26. Bxf2 Rxf2+ 27. Kh1 Qh3 0-1

[Event "Astana Zhuldyzdary Open A"]
[Site "Astana KAZ"]
[Date "2023.07.14"]
[Round "5.32"]
[White "Radzhabov, Rodion"]
[Black "Tleukhanov, Yerlan"]
[Result "1/2-1/2"]
[WhiteTitle "FM"]
[WhiteElo "2303"]
[BlackElo "1853"]
[WhiteFideId "884715"]
[BlackFideId "13749692"]
[EventDate "2023.07.11"]

1. Nf3 Nf6 2. g3 g6 3. b3 Bg7 4. Bb2 O-O 5. Bg2 d6 6. d4 Nbd7 7. O-O e5 8. dxe5
Ng4 9. Qc1 Ngxe5 10. Nxe5 dxe5 11. c4 c6 12. Nd2 f5 13. c5 Qe7 14. b4 e4 15. Nc4
Nf6 16. Rd1 Be6 17. Nd6 Bd5 18. Bd4 Ne8 19. Nxe8 Bxd4 20. Rxd4 Raxe8 21. e3 g5
22. Qc2 f4 23. Rad1 fxe3 24. fxe3 h5 25. Rf1 Rxf1+ 26. Bxf1 h4 27. gxh4 gxh4 28.
Rd2 Kh7 29. Rg2 Rf8 30. Qe2 Rf3 31. Qe1 Be6 32. Be2 Qf6 33. Bxf3 exf3 34. Qb1+
Bf5 35. Qb2 Qe7 36. Qf2 Qe4 37. Rg5 Kh6 38. Rxf5 Qb1+ 39. Qf1 Qxf5 40. Kf2 Qg4
41. Qg1 Qxb4 42. Qg8 Qxc5 43. Qh8+ Kg6 44. Qg8+ Kf6 45. Qh8+ Ke6 46. Qh6+ Kd7
47. Qxh4 Qc2+ 48. Kxf3 Qxa2 49. Qh7+ Ke8 50. Qxb7 Qd5+ 51. e4 Qh5+ 52. Kf4 Qh6+
53. Kf3 Qh5+ 54. Kf4 Qh6+ 1/2-1/2

[Event "Astana Zhuldyzdary Open A"]
[Site "Astana KAZ"]
[Date "2023.07.14"]
[Round "5.33"]
[White "Goganova, Yana"]
[Black "Suleimen, Ergali"]
[Result "0-1"]
[WhiteTitle "WFM"]
[BlackTitle "FM"]
[WhiteElo "1958"]
[BlackElo "2296"]
[WhiteFideId "34115428"]
[BlackFideId "13724452"]
[EventDate "2023.07.11"]

1. d4 Nf6 2. c4 g6 3. Nc3 d5 4. cxd5 Nxd5 5. Bd2 Bg7 6. e4 Nxc3 7. Bxc3 O-O 8.
Nf3 c5 9. d5 e6 10. Bxg7 Kxg7 11. Bc4 exd5 12. Bxd5 Nd7 13. Qd2 Nf6 14. Qc3 Kg8
15. Rd1 Nxd5 16. Rxd5 Qe7 17. Re5 Qd6 18. Rxc5 Qa6 19. Ra5 Qe6 20. Ng5 Qg4 21.
Qf3 b6 22. Qxg4 Bxg4 23. Ra3 Rfe8 24. f3 h6 25. Nh3 Bxh3 26. gxh3 f5 27. O-O
fxe4 28. fxe4 Rxe4 29. Rf6 Re1+ 30. Kf2 Rb1 31. Rg3 Rxb2+ 32. Kf3 g5 33. Rxh6
Rf8+ 34. Ke3 Rf5 35. h4 Rxh2 36. hxg5 Rxa2 37. Ke4 Rb5 38. Rhh3 Ra4+ 39. Kd3
Rb3+ 40. Kc2 Rxg3 41. Rxg3 Kg7 42. Kb3 Ra5 43. g6 Rc5 44. Kb4 a5+ 45. Ka4 Rc4+
46. Kb5 Rb4+ 47. Kc6 a4 48. Kd5 Rb3 49. Rg1 a3 50. Kc4 Rb2 51. Kc3 b5 52. Rg5
b4+ 53. Kc4 a2 54. Ra5 b3 0-1

[Event "Astana Zhuldyzdary Open A"]
[Site "Astana KAZ"]
[Date "2023.07.14"]
[Round "5.34"]
[White "Kaliakhmet, Elnaz"]
[Black "Abdilkhair, Abilmansur"]
[Result "1/2-1/2"]
[WhiteTitle "WFM"]
[BlackTitle "FM"]
[WhiteElo "1818"]
[BlackElo "2248"]
[WhiteFideId "13730169"]
[BlackFideId "13716417"]
[EventDate "2023.07.11"]

1. d4 Nf6 2. c4 e6 3. Nf3 d5 4. Nc3 Nbd7 5. Bf4 dxc4 6. e3 b5 7. Nxb5 Bb4+ 8.
Nc3 Nd5 9. a3 Nxc3 10. Qd2 Nd5 11. axb4 Nxf4 12. exf4 Bb7 13. Be2 O-O 14. O-O
Nb6 15. Ne5 Qd6 16. b5 a6 17. bxa6 Bxa6 18. Rfc1 f6 19. Nxc4 Bxc4 20. Rxa8 Rxa8
21. Bxc4 Nxc4 22. Rxc4 Ra1+ 23. Rc1 Qxd4 24. Qe1 Rxc1 25. Qxc1 c5 26. g3 c4 27.
Qc2 Kf7 28. Qa4 Qe4 29. Qd7+ Kg6 30. Qe8+ Kh6 31. g4 Qd5 32. h3 g5 33. Qf8+ Kg6
34. Qg8+ Kh6 35. Qf8+ Kg6 1/2-1/2